| 000 | 01100nam a22003257a 4500 | ||
|---|---|---|---|
| 003 | CHAP | ||
| 005 | 20220329134451.0 | ||
| 008 | 971013s r 00010 d | ||
| 010 | _a20808 | ||
| 011 | _a21780 | ||
| 035 | _a25871 | ||
| 040 | _cCHAP | ||
| 090 | _aR-3485Y | ||
| 100 | 0 | 0 |
_aMiller, Russell. _975804 |
| 245 |
_aCambiando la jugada en plagas _b: una nueva estrategia para el control de platas en crisantemos |
||
| 500 | _aSobretiro de : Growertalks Magazine p.17-20, 1991 | ||
| 501 | _aEnc. con otros impresos similares | ||
| 590 |
_aBATCH-UPD _b10 _c20130110 _lUCH01 _h0131 |
||
| 590 |
_aBATCH-UPD _b10 _c20130110 _lUCH01 _h2027 |
||
| 590 |
_aBATCH-UPD _b10 _c20130410 _lUCH01 _h1344 |
||
| 590 |
_aBATCH-UPD _b10 _c20130914 _lUCH01 _h1046 |
||
| 590 |
_aCONVERSION _b10 _c20130109 _lUCH01 _h1312 |
||
| 650 | 1 | 4 |
_aControl biológico de plagas. _927587 |
| 650 | 1 | 4 |
_aCrisantemo _xPlagas _xControl. _928962 |
| 650 | 1 | 4 |
_aFlores _xPlagas. _941398 |
| 901 | _aBK | ||
| 942 | _cREIMP | ||
| 949 |
_aR-3485Y _bBC _cR _d-59810 _eLIBRO _i25871 _si |
||
| 949 |
_aR-3485Y _bBC _cR _d-59811 _eLIBRO _fc.2 _i25871 _si |
||
| 999 |
_c20808 _d20808 |
||